[Event "IX Floripa Chess Open Fort Atacadista"]
[Site "Florianópolis - Santa Catari"]
[Date "2023.01.28"]
[Round "9.24"]
[White "Filgueiras, Nathan Felipe"]
[Black "Medeiros Jr, Francisco De Assis"]
[Result "1-0"]
[WhiteElo "2356"]
[BlackElo "2071"]
[PlyCount "63"]
[EventDate "2023.01.23"]
[EventRounds "10"]
[EventCountry "BRA"]

1. e4 d5 2. exd5 Qxd5 3. Nc3 Qd8 4. Bc4 Nf6 5. Nf3 c5 6. d4 e6 7. O-O cxd4 8.
Nxd4 a6 9. Be3 Be7 10. a4 Qc7 11. Qe2 O-O 12. a5 Bd7 13. Nb3 Rc8 14. Bd3 Bc6
15. Nd2 Nbd7 16. Nc4 Bd5 17. Nxd5 Nxd5 18. Rad1 Rd8 19. Qh5 N7f6 20. Qf3 Bc5
21. Bg5 h6 22. Bd2 Bb4 23. c3 Be7 24. Rfe1 Rac8 25. h3 Ra8 26. g3 Nd7 27. Qe4
Nf8 28. Qe2 Bf6 29. Ra1 Rac8 30. Ne3 Nxe3 31. Bxe3 Be7 32. Bb6 1-0

[Event "IX Floripa Chess Open Fort Atacadista"]
[Site "Florianópolis - Santa Catari"]
[Date "2023.01.28"]
[Round "9.25"]
[White "Silva, Caio Henrique Angel"]
[Black "Gomes, Luiz Alexandre De S"]
[Result "1-0"]
[WhiteElo "2081"]
[BlackElo "2335"]
[PlyCount "73"]
[EventDate "2023.01.23"]
[EventRounds "10"]
[EventCountry "BRA"]

1. d4 Nf6 2. Nf3 e6 3. g3 b5 4. Bg2 Bb7 5. O-O Be7 6. Bg5 O-O 7. Nbd2 h6 8.
Bxf6 Bxf6 9. c3 d6 10. Qc2 Nd7 11. a4 a6 12. Ng5 Bxg5 13. Bxb7 Ra7 14. Bg2 Bxd2
15. Qxd2 Qb8 16. axb5 Qxb5 17. b4 a5 18. bxa5 Rxa5 19. Bc6 Qxc6 20. Rxa5 Nb6
21. Ra7 f5 22. Qe3 Rf6 23. Qf3 Qc4 24. Rb1 Nd5 25. Rc1 Kh7 26. Qd3 Qc6 27. f3
Rg6 28. Kf2 Qd7 29. Rb1 Qd8 30. Rbb7 Qg5 31. c4 Nf4 32. Qd2 Nh3+ 33. Ke1 f4 34.
Rxc7 fxg3 35. Qxg5 Rxg5 36. hxg3 Rxg3 37. c5 1-0

[Event "IX Floripa Chess Open Fort Atacadista"]
[Site "Florianópolis - Santa Catari"]
[Date "2023.01.28"]
[Round "9.26"]
[White "Lima, Kleyton Alcantara"]
[Black "Lujan, Carolina"]
[Result "1/2-1/2"]
[WhiteElo "2080"]
[BlackElo "2324"]
[PlyCount "49"]
[EventDate "2023.01.23"]
[EventRounds "10"]
[EventCountry "BRA"]

1. e4 c5 2. c3 d5 3. exd5 Qxd5 4. d4 Nf6 5. Nf3 Bg4 6. Be2 e6 7. h3 Bh5 8. Be3
cxd4 9. cxd4 Nc6 10. Nc3 Qd6 11. O-O Be7 12. Qb3 O-O 13. Rfd1 Rfd8 14. Rac1 a6
15. a3 h6 16. Qb6 Rab8 17. Rd2 Rdc8 18. Re1 Nd5 19. Nxd5 Qxd5 20. Bf4 Ra8 21.
Ne5 Bxe2 22. Rexe2 Na5 23. Rd1 Nb3 24. Re3 Na5 25. Rg3 1/2-1/2

[Event "IX Floripa Chess Open Fort Atacadista"]
[Site "Florianópolis - Santa Catari"]
[Date "2023.01.28"]
[Round "9.27"]
[White "Soares, Joao Carlos T. C."]
[Black "Perez, Daniel"]
[Result "0-1"]
[WhiteElo "2062"]
[BlackElo "2306"]
[PlyCount "74"]
[EventDate "2023.01.23"]
[EventRounds "10"]
[EventCountry "BRA"]

1. d4 Nf6 2. c4 e6 3. Nf3 b6 4. a3 Bb7 5. Nc3 d5 6. Bg5 Be7 7. e3 Nbd7 8. Bd3
dxc4 9. Bxc4 O-O 10. O-O c5 11. Qe2 Ne4 12. Nxe4 Bxe4 13. Bf4 cxd4 14. exd4 Nf6
15. Ba6 Bxf3 16. Qxf3 Qxd4 17. b4 Nd5 18. Bg3 Rad8 19. Rac1 Bd6 20. Rc4 Qf6 21.
Qb3 Bxg3 22. hxg3 Rd6 23. Rd1 Rfd8 24. Rcd4 Qe7 25. Qd3 Nxb4 26. axb4 Rxd4 27.
Qxd4 Rxd4 28. Rxd4 g6 29. b5 Qc7 30. g4 Qc1+ 31. Kh2 Qb2 32. Rd8+ Kg7 33. f3 h5
34. gxh5 Qe5+ 35. g3 gxh5 36. Rd2 Qe3 37. Rd7 Qf2+ 0-1

[Event "IX Floripa Chess Open Fort Atacadista"]
[Site "Florianópolis - Santa Catari"]
[Date "2023.01.28"]
[Round "9.28"]
[White "Marra, Eduardo Da Costa"]
[Black "Guerrero, Alvaro"]
[Result "1-0"]
[WhiteElo "2275"]
[BlackElo "2058"]
[PlyCount "67"]
[EventDate "2023.01.23"]
[EventRounds "10"]
[EventCountry "BRA"]

1. e4 g6 2. d4 Bg7 3. Nf3 d6 4. Be2 Nd7 5. O-O e5 6. dxe5 dxe5 7. Nc3 c6 8. a4
a5 9. Bc4 Nh6 10. h3 f6 11. Qe2 Nb6 12. Bb3 Nf7 13. Be3 Qc7 14. Rad1 Bf8 15.
Bxb6 Qxb6 16. Qc4 Nh6 17. Rd2 Be7 18. Rfd1 Rf8 19. Nh2 Nf7 20. Ng4 Ng5 21. Qe2
Ne6 22. Bc4 Bc5 23. Qf3 Be7 24. Qg3 Qc5 25. Ne3 Nc7 26. Qh4 h5 27. Qg3 g5 28.
Bb3 Rh8 29. Qf3 Be6 30. Nf5 Rh7 31. Nd6+ Kf8 32. Bxe6 g4 33. Qf5 Rg7 34. Bb3
1-0

[Event "IX Floripa Chess Open Fort Atacadista"]
[Site "Florianópolis - Santa Catari"]
[Date "2023.01.28"]
[Round "9.29"]
[White "Camara, Terbio Jose"]
[Black "Villalba, Marcelo"]
[Result "0-1"]
[WhiteElo "2055"]
[BlackElo "2269"]
[PlyCount "64"]
[EventDate "2023.01.23"]
[EventRounds "10"]
[EventCountry "BRA"]

1. e4 e5 2. Nf3 Nc6 3. Bb5 a6 4. Ba4 Nf6 5. O-O Be7 6. Re1 b5 7. Bb3 d6 8. c3
O-O 9. h3 Bb7 10. d3 Na5 11. Bc2 c5 12. Nbd2 Re8 13. Nf1 Bf8 14. Ng3 d5 15. Bg5
h6 16. Bxf6 Qxf6 17. d4 cxd4 18. cxd4 Nc6 19. Nh5 Qd6 20. exd5 Nxd4 21. Nxd4
exd4 22. Qxd4 Qxd5 23. Qxd5 Bxd5 24. a3 Rac8 25. Bf5 Rcd8 26. Rxe8 Rxe8 27. Bd3
Rd8 28. Rd1 Be7 29. Be2 Bb3 30. Rxd8+ Bxd8 31. Kf1 Bc7 32. f4 Bb6 0-1

[Event "IX Floripa Chess Open Fort Atacadista"]
[Site "Florianópolis - Santa Catari"]
[Date "2023.01.28"]
[Round "9.30"]
[White "Silva, Guilherme Henrique "]
[Black "Gattass, Allan"]
[Result "0-1"]
[WhiteElo "2034"]
[BlackElo "2246"]
[PlyCount "86"]
[EventDate "2023.01.23"]
[EventRounds "10"]
[EventCountry "BRA"]

1. e4 c5 2. Nf3 d6 3. d4 cxd4 4. Qxd4 Nc6 5. Bb5 e6 6. c4 Nge7 7. Qd2 a6 8. Ba4
Ng6 9. O-O Be7 10. Bxc6+ bxc6 11. Nc3 O-O 12. b3 e5 13. Bb2 f5 14. Rad1 fxe4
15. Nxe4 Bg4 16. Nfg5 h6 17. f3 Bc8 18. Nh3 Bxh3 19. gxh3 Qb6+ 20. Qf2 Qc7 21.
Bc1 Rad8 22. Be3 Nf4 23. Bb6 Nxh3+ 24. Kg2 Nxf2 25. Bxc7 Nxd1 26. Rxd1 Rd7 27.
Bxd6 Bxd6 28. Nxd6 c5 29. Rd5 Rfd8 30. Nf5 Rxd5 31. Ne7+ Kf7 32. Nxd5 Rxd5 33.
cxd5 Ke7 34. Kf2 Kd6 35. Ke3 Kxd5 36. Kd3 g5 37. Ke3 h5 38. h3 a5 39. Kd3 e4+
40. fxe4+ Ke5 41. Ke3 g4 42. hxg4 hxg4 43. Kd3 Kf4 0-1

[Event "IX Floripa Chess Open Fort Atacadista"]
[Site "Florianópolis - Santa Catari"]
[Date "2023.01.28"]
[Round "9.31"]
[White "Caetano, Ryan Wesley Da Cost"]
[Black "Almeida Junior, Alvaro Alves De"]
[Result "1/2-1/2"]
[WhiteElo "2240"]
[BlackElo "2045"]
[PlyCount "70"]
[EventDate "2023.01.23"]
[EventRounds "10"]
[EventCountry "BRA"]

1. e4 c5 2. Nf3 Nf6 3. Nc3 d5 4. e5 Nfd7 5. d4 e6 6. Ne2 Nc6 7. c3 cxd4 8. cxd4
f6 9. Nf4 Bb4+ 10. Bd2 Qe7 11. Nd3 Bxd2+ 12. Qxd2 fxe5 13. dxe5 O-O 14. Be2 Rf5
15. g4 Rf8 16. Rc1 Qf7 17. Qe3 Nb6 18. b3 d4 19. Nxd4 Nd5 20. Qe4 Bd7 21. O-O
Nxd4 22. Qxd4 Bc6 23. f4 Rad8 24. f5 Ne7 25. Qe3 exf5 26. Nf4 Qe8 27. Bc4+ Kh8
28. Ne6 f4 29. Rxf4 Rxf4 30. Qxf4 Ng6 31. Qe3 Rd7 32. Nd4 Nxe5 33. Nxc6 bxc6
34. Re1 Re7 35. Re2 Qd7 1/2-1/2

[Event "IX Floripa Chess Open Fort Atacadista"]
[Site "Florianópolis - Santa Catari"]
[Date "2023.01.28"]
[Round "9.32"]
[White "Pires, Marcos Vinicius Tor"]
[Black "Peroza, Eduardo Antunes"]
[Result "1-0"]
[WhiteElo "2238"]
[BlackElo "2053"]
[PlyCount "123"]
[EventDate "2023.01.23"]
[EventRounds "10"]
[EventCountry "BRA"]

1. c4 e5 2. Nc3 d6 3. g3 g6 4. d4 Bg7 5. dxe5 dxe5 6. Qxd8+ Kxd8 7. Bg5+ f6 8.
O-O-O+ Ke8 9. Be3 Ne7 10. Bg2 a6 11. Nf3 Nbc6 12. Ne1 Be6 13. Nd5 Bxd5 14. cxd5
Nd8 15. Nd3 Nf5 16. Bc5 Nd6 17. f4 b6 18. Bb4 a5 19. Bc3 N8f7 20. fxe5 fxe5 21.
Kb1 h5 22. Nf4 exf4 23. Bxg7 Rh7 24. Bf6 fxg3 25. hxg3 Ra7 26. e4 Nc4 27. Bh3
a4 28. e5 Ra5 29. Rhe1 Kf8 30. Bd7 Nfxe5 31. Be6 Nf7 32. Rd4 Rc5 33. Rc1 Nfd6
34. b3 axb3 35. axb3 Na3+ 36. Kb2 Rxc1 37. Kxc1 Nab5 38. Ra4 Re7 39. Rf4 Rf7
40. Bxf7 Kxf7 41. Be5+ Nf5 42. Kd2 Ke7 43. Rc4 Kd7 44. Rc6 Nbd6 45. Bxd6 Nxd6
46. Ke3 g5 47. Rc3 Kd8 48. Rd3 Ke7 49. Kd4 Kf6 50. Rf3+ Kg6 51. Ke5 g4 52. Rf8
Nf7+ 53. Ke6 Ng5+ 54. Ke5 Nf3+ 55. Kf4 Nd4 56. Rc8 Nb5 57. Rg8+ Kf7 58. Rg5 Nd4
59. Rxh5 Nxb3 60. Rh7+ Kf6 61. Rxc7 b5 62. Rc6+ 1-0

[Event "IX Floripa Chess Open Fort Atacadista"]
[Site "Florianópolis - Santa Catari"]
[Date "2023.01.28"]
[Round "9.33"]
[White "Ccerhuayo Escobedo, Mels Leopold"]
[Black "Guimaraes, Wagner Peixoto"]
[Result "0-1"]
[WhiteElo "1988"]
[BlackElo "2199"]
[PlyCount "52"]
[EventDate "2023.01.23"]
[EventRounds "10"]
[EventCountry "BRA"]

1. e4 c5 2. Nf3 d6 3. d4 cxd4 4. Nxd4 Nf6 5. Nc3 g6 6. Be3 Bg7 7. Be2 O-O 8.
Qd2 Nc6 9. O-O-O d5 10. Nxc6 bxc6 11. Bh6 Be6 12. Bxg7 Kxg7 13. Qd4 Qb6 14.
exd5 cxd5 15. Qxb6 axb6 16. Bf3 Ra5 17. Rhe1 Rc8 18. Rd4 Rcc5 19. Red1 g5 20.
h3 h5 21. R1d2 g4 22. Bxd5 gxh3 23. gxh3 Bxh3 24. R2d3 Bg4 25. Rg3 Kf8 26. Bf3
e6 0-1

[Event "IX Floripa Chess Open Fort Atacadista"]
[Site "Florianópolis - Santa Catari"]
[Date "2023.01.28"]
[Round "9.34"]
[White "Mendez Machado, Andre"]
[Black "Silva, Kaua Marques"]
[Result "0-1"]
[WhiteElo "1986"]
[BlackElo "2196"]
[PlyCount "64"]
[EventDate "2023.01.23"]
[EventRounds "10"]
[EventCountry "BRA"]

1. e4 c6 2. d4 d5 3. f3 e6 4. Nc3 Bb4 5. Bd2 Bxc3 6. Bxc3 dxe4 7. Qd2 Nf6 8.
O-O-O O-O 9. Re1 exf3 10. Nxf3 Nd5 11. Bd3 Qd6 12. Rhf1 Nd7 13. Ng5 N7f6 14.
Rf3 h6 15. Nh3 b5 16. Ba5 Bd7 17. g4 Nxg4 18. Rg1 f5 19. Nf4 Nxf4 20. Rxf4 g5
21. Rff1 Qxh2 22. Rg2 Qh3 23. Re1 Rae8 24. Bc7 Rf7 25. Rg3 Qh2 26. Be2 e5 27.
Reg1 exd4 28. Rxg4 Qxe2 29. Rxg5+ Kh7 30. Rg6 Qxd2+ 31. Kxd2 Re4 32. Kd3 Rg4
0-1

[Event "IX Floripa Chess Open Fort Atacadista"]
[Site "Florianópolis - Santa Catari"]
[Date "2023.01.28"]
[Round "9.35"]
[White "Aranha Filho, Alvaro Z."]
[Black "Araujo, Renan Aparecido"]
[Result "1/2-1/2"]
[WhiteElo "2171"]
[BlackElo "2041"]
[PlyCount "33"]
[EventDate "2023.01.23"]
[EventRounds "10"]
[EventCountry "BRA"]

1. d4 Nf6 2. Nf3 g6 3. g3 Bg7 4. Bg2 O-O 5. O-O d6 6. b3 c5 7. Bb2 Nbd7 8. c4
Rb8 9. d5 a6 10. Qc2 b5 11. Nfd2 Nb6 12. Nc3 bxc4 13. bxc4 e5 14. e4 Bh6 15. f4
exf4 16. gxf4 Nh5 17. Ne2 1/2-1/2

[Event "IX Floripa Chess Open Fort Atacadista"]
[Site "Florianópolis - Santa Catari"]
[Date "2023.01.28"]
[Round "9.36"]
[White "Caldeira, Adriano"]
[Black "Boff, Lucas Strauss"]
[Result "0-1"]
[WhiteElo "2156"]
[BlackElo "2036"]
[PlyCount "90"]
[EventDate "2023.01.23"]
[EventRounds "10"]
[EventCountry "BRA"]

1. e4 d6 2. d4 Nf6 3. Nc3 g6 4. Bg5 Bg7 5. e5 Nfd7 6. f4 O-O 7. Bc4 Nc6 8. Nf3
Nb6 9. Bb3 Na5 10. O-O Nxb3 11. axb3 f6 12. exf6 exf6 13. Bh4 d5 14. Qd2 Bg4
15. h3 Bxf3 16. Rxf3 Qd7 17. f5 g5 18. Bf2 Rfe8 19. g4 h5 20. Re1 c6 21. Na4
Nxa4 22. bxa4 Rxe1+ 23. Qxe1 Re8 24. Re3 Rxe3 25. Qxe3 hxg4 26. hxg4 Kf7 27.
Bg3 Qe7 28. Kf2 Bf8 29. Bb8 a6 30. Ba7 Qc7 31. Qe6+ Kg7 32. Qe8 Qf4+ 33. Ke1
Qc1+ 34. Kf2 Qxc2+ 35. Kf3 Qb3+ 36. Kg2 Qxb2+ 37. Kg1 Qc1+ 38. Kg2 Qd2+ 39. Kf1
Qf4+ 40. Ke2 Qxg4+ 41. Kd2 Qg2+ 42. Kd1 Qf1+ 43. Kd2 Bb4+ 44. Kc2 Qxf5+ 45. Kb3
Qb1# 0-1

[Event "IX Floripa Chess Open Fort Atacadista"]
[Site "Florianópolis - Santa Catari"]
[Date "2023.01.28"]
[Round "9.37"]
[White "Mariani, Daniel Brandao"]
[Black "Carvalho, Guillermo"]
[Result "1/2-1/2"]
[WhiteElo "1987"]
[BlackElo "2154"]
[PlyCount "55"]
[EventDate "2023.01.23"]
[EventRounds "10"]
[EventCountry "BRA"]

1. d4 d5 2. c4 e6 3. Nc3 c5 4. cxd5 exd5 5. Nf3 Nf6 6. Bg5 Be6 7. e4 Be7 8.
Bb5+ Nc6 9. exd5 Nxd5 10. Bxe7 Qxe7 11. O-O O-O 12. Nxd5 Bxd5 13. Re1 Qf6 14.
Bxc6 bxc6 15. dxc5 Qxb2 16. Qd4 Qxd4 17. Nxd4 Rfe8 18. f3 g6 19. Rxe8+ Rxe8 20.
Rb1 Re3 21. Rb8+ Kg7 22. Rc8 Rc3 23. Nxc6 Be6 24. Rb8 Bxa2 25. Nxa7 Rxc5 26.
Rb2 Rc1+ 27. Kf2 Bc4 28. Nb5 1/2-1/2

[Event "IX Floripa Chess Open Fort Atacadista"]
[Site "Florianópolis - Santa Catari"]
[Date "2023.01.28"]
[Round "9.38"]
[White "De Oliveira, Gustavo Alfredo Bue"]
[Black "Urquiza, Marcello De Albuque"]
[Result "1-0"]
[WhiteElo "2150"]
[BlackElo "2007"]
[PlyCount "51"]
[EventDate "2023.01.23"]
[EventRounds "10"]
[EventCountry "BRA"]

1. Nf3 Nf6 2. g3 b5 3. Bg2 Bb7 4. O-O e6 5. d3 Be7 6. c4 bxc4 7. dxc4 c5 8. Nc3
d6 9. Qc2 O-O 10. Bg5 Nc6 11. Rfd1 a6 12. Bxf6 gxf6 13. Qd2 Nb8 14. Qh6 Qc7 15.
g4 Nd7 16. Rd3 Rfd8 17. g5 f5 18. Nh4 Bf8 19. Qh5 Bg7 20. Rad1 Nf8 21. Nxf5
exf5 22. Bxb7 Qxb7 23. Nd5 Qxb2 24. Ne7+ Kh8 25. Qxf7 Re8 26. Qg8# 1-0

[Event "IX Floripa Chess Open Fort Atacadista"]
[Site "Florianópolis - Santa Catari"]
[Date "2023.01.28"]
[Round "9.39"]
[White "Delgado, Lidio Dias"]
[Black "Lima, Stefan Moisei Vieir"]
[Result "1/2-1/2"]
[WhiteElo "2150"]
[BlackElo "1991"]
[PlyCount "61"]
[EventDate "2023.01.23"]
[EventRounds "10"]
[EventCountry "BRA"]

1. d4 Nf6 2. c4 g6 3. Nf3 Bg7 4. g3 O-O 5. Bg2 d5 6. cxd5 Nxd5 7. O-O Nb6 8.
Nc3 Nc6 9. d5 Na5 10. e4 c6 11. Qc2 cxd5 12. Rd1 d4 13. e5 Bf5 14. Qe2 Nc6 15.
Bf4 d3 16. Qe3 Nb4 17. Qc5 Nc2 18. Rab1 Rc8 19. Qa5 Nc4 20. Qxa7 Qd7 21. Qa4
Qxa4 22. Nxa4 Rfd8 23. h3 Be4 24. b3 b5 25. bxc4 Bxf3 26. Bxf3 bxa4 27. Be4 Nd4
28. Rxd3 Ne6 29. Rxd8+ Rxd8 30. Be3 Bxe5 31. Kg2 1/2-1/2

[Event "IX Floripa Chess Open Fort Atacadista"]
[Site "Florianópolis - Santa Catari"]
[Date "2023.01.28"]
[Round "9.40"]
[White "Saito, Vinicius"]
[Black "Dauer, Andre Leonardo"]
[Result "1/2-1/2"]
[WhiteElo "2138"]
[BlackElo "1990"]
[PlyCount "91"]
[EventDate "2023.01.23"]
[EventRounds "10"]
[EventCountry "BRA"]

1. e4 e6 2. d4 d5 3. Nc3 Nf6 4. Bg5 Be7 5. e5 Nfd7 6. h4 h6 7. Bxe7 Qxe7 8. Qg4
O-O 9. f4 c5 10. Nf3 Nc6 11. O-O-O a6 12. Qg3 f6 13. dxc5 fxe5 14. fxe5 Nxc5
15. Bd3 Bd7 16. Kb1 Nxd3 17. Rxd3 Rf5 18. Re1 Raf8 19. Rd2 Be8 20. Ne2 Bh5 21.
Ned4 Rf4 22. c3 Kh7 23. a3 Na5 24. Qh2 Nc4 25. Rf2 Kg8 26. Ka2 b5 27. Rc2 Bg4
28. Qg1 a5 29. Nxb5 Bxf3 30. gxf3 Rxf3 31. Rg2 R3f7 32. Ree2 a4 33. Rg6 Rb8 34.
Nd6 Nxe5 35. Rxe5 Qxd6 36. Rgxe6 Qd7 37. Qc5 Rb5 38. Re8+ Kh7 39. Qe3 Rxb2+ 40.
Kxb2 Qb5+ 41. Kc2 Qb3+ 42. Kd3 Qc4+ 43. Kd2 Qa2+ 44. Kd3 Qc4+ 45. Kd2 Qa2+ 46.
Kd3 1/2-1/2

[Event "IX Floripa Chess Open Fort Atacadista"]
[Site "Florianópolis - Santa Catari"]
[Date "2023.01.28"]
[Round "9.41"]
[White "Soares, Renan Barbosa Monte"]
[Black "Volkmann, Andre Jordi"]
[Result "0-1"]
[WhiteElo "1941"]
[BlackElo "2129"]
[PlyCount "30"]
[EventDate "2023.01.23"]
[EventRounds "10"]
[EventCountry "BRA"]

1. d4 Nf6 2. c4 e6 3. Nf3 d5 4. Nc3 Be7 5. Bg5 O-O 6. e3 Nbd7 7. Qc2 b6 8. cxd5
exd5 9. Ne5 Bb7 10. Bd3 h6 11. Bh4 Nxe5 12. dxe5 Ne4 13. Bxe7 Qxe7 14. Nxe4
dxe4 15. Bxe4 Qb4+ 0-1

[Event "IX Floripa Chess Open Fort Atacadista"]
[Site "Florianópolis - Santa Catari"]
[Date "2023.01.28"]
[Round "9.42"]
[White "Campelo, Leandro Fabricio"]
[Black "De Souza, Felipe Guimaraes"]
[Result "1-0"]
[WhiteElo "2125"]
[BlackElo "1943"]
[PlyCount "97"]
[EventDate "2023.01.23"]
[EventRounds "10"]
[EventCountry "BRA"]

1. e4 c5 2. Nf3 d6 3. d4 cxd4 4. Nxd4 Nf6 5. Nc3 g6 6. Be3 Bg7 7. f3 Nc6 8. Bc4
O-O 9. Qd2 Bd7 10. O-O-O Rb8 11. Bb3 Na5 12. g4 b5 13. Kb1 Nc4 14. Bxc4 bxc4
15. Ka1 Qb6 16. Qc1 Qa5 17. Bh6 Rb6 18. Bxg7 Kxg7 19. Qd2 Rfb8 20. g5 Ng8 21.
Rb1 e5 22. Nde2 Ne7 23. h4 Nc6 24. h5 Nb4 25. a3 Ba4 26. Rhc1 Ra6 27. h6+ Kf8
28. Na2 Nxa2 29. Qxa5 Rxa5 30. Kxa2 Bc6 31. Nc3 d5 32. exd5 Bxd5 33. Rf1 f6 34.
f4 Bf7 35. Ne4 c3+ 36. b3 exf4 37. Nxf6 Rb4 38. Rbd1 Bc4 39. Nxh7+ Kg8 40. Nf6+
Kf7 41. Rfe1 Be6 42. Kb1 Rxa3 43. h7 Rba4 44. bxa4 Ba2+ 45. Kc1 Bd5 46. Re7+
Kxe7 47. Nxd5+ Kf7 48. Nxc3 Kg7 49. Kb2 1-0

[Event "IX Floripa Chess Open Fort Atacadista"]
[Site "Florianópolis - Santa Catari"]
[Date "2023.01.28"]
[Round "9.43"]
[White "Kropff, Ricardo"]
[Black "Seccafim, Caic Dos Santos"]
[Result "1-0"]
[WhiteElo "2125"]
[BlackElo "1936"]
[PlyCount "75"]
[EventDate "2023.01.23"]
[EventRounds "10"]
[EventCountry "BRA"]

1. e4 d6 2. d4 Nf6 3. Nc3 g6 4. Nf3 Bg7 5. h3 O-O 6. Be3 c6 7. Qd2 b5 8. Bd3
Re8 9. Bh6 Bh8 10. O-O e5 11. dxe5 dxe5 12. a4 b4 13. Ne2 a5 14. Qe3 Ba6 15.
Rfd1 Qe7 16. Ng3 c5 17. Nf5 Qc7 18. Bb5 Bxb5 19. axb5 Nbd7 20. Nd6 Re6 21. Nc4
Ne8 22. Ng5 Re7 23. Qb3 Bg7 24. Bxg7 Kxg7 25. Qd3 Nb6 26. Rxa5 Nxc4 27. Rxa8
Nxb2 28. Qd5 Nf6 29. Qd8 Qxd8 30. Rdxd8 h6 31. Nf3 Nxe4 32. Rg8+ Kf6 33. Ra6+
Kf5 34. b6 Rd7 35. Ra7 Rd1+ 36. Kh2 Nxf2 37. Ng1 Nxh3 38. Nxh3 1-0

[Event "IX Floripa Chess Open Fort Atacadista"]
[Site "Florianópolis - Santa Catari"]
[Date "2023.01.28"]
[Round "9.44"]
[White "Cardoso, Leandro Ubialli"]
[Black "Federzoni, Enzo"]
[Result "0-1"]
[WhiteElo "1732"]
[BlackElo "2123"]
[PlyCount "40"]
[EventDate "2023.01.23"]
[EventRounds "10"]
[EventCountry "BRA"]

1. e4 c5 2. Nf3 d6 3. d4 cxd4 4. Nxd4 Nf6 5. Nc3 a6 6. Be3 e5 7. Nb3 Be6 8. f3
h5 9. Nd5 Bxd5 10. exd5 Nbd7 11. Be2 g6 12. c4 Bh6 13. Bxh6 Rxh6 14. Qd2 Rh8
15. O-O Kf8 16. Kh1 Kg7 17. Rad1 h4 18. Qg5 Qb6 19. g3 Rh5 20. Qd2 hxg3 0-1

[Event "IX Floripa Chess Open Fort Atacadista"]
[Site "Florianópolis - Santa Catari"]
[Date "2023.01.28"]
[Round "9.45"]
[White "Fernandes Filho, Bergson Fragoso"]
[Black "Da Luz, Felipe Garcia"]
[Result "1/2-1/2"]
[WhiteElo "2113"]
[BlackElo "1914"]
[PlyCount "23"]
[EventDate "2023.01.23"]
[EventRounds "10"]
[EventCountry "BRA"]

1. e4 c5 2. Nf3 e6 3. c3 d6 4. d4 Nf6 5. Bd3 cxd4 6. cxd4 Be7 7. Nc3 O-O 8. O-O
a6 9. e5 dxe5 10. dxe5 Nd5 11. Nxd5 exd5 12. Qc2 1/2-1/2

[Event "IX Floripa Chess Open Fort Atacadista"]
[Site "Florianópolis - Santa Catari"]
[Date "2023.01.28"]
[Round "9.46"]
[White "Trevisan, Rodrigo"]
[Black "Souza, Ramon Santana De"]
[Result "1/2-1/2"]
[WhiteElo "2101"]
[BlackElo "1933"]
[PlyCount "80"]
[EventDate "2023.01.23"]
[EventRounds "10"]
[EventCountry "BRA"]

1. c4 g6 2. g3 Bg7 3. Bg2 e5 4. d3 d6 5. Nc3 Nc6 6. e4 Nge7 7. Nge2 f5 8. Nd5
O-O 9. Bg5 h6 10. Nxe7+ Nxe7 11. Bxe7 Qxe7 12. exf5 Rxf5 13. O-O c6 14. Qd2 g5
15. Rae1 Qc7 16. d4 Rf7 17. b4 Bg4 18. dxe5 Bxe5 19. Nc1 Raf8 20. Nd3 Bf6 21.
h3 Bf5 22. f4 Qb6+ 23. c5 Qa6 24. fxg5 Bd4+ 25. Kh2 Qxd3 26. Qxd3 Bxd3 27. Rxf7
Rxf7 28. Rd1 dxc5 29. Rxd3 hxg5 30. bxc5 Bxc5 31. Bf3 Re7 32. h4 gxh4 33. gxh4
Be3 34. Kg3 c5 35. Bxb7 Bd4 36. Bd5+ Kg7 37. Kf4 Kf6 38. Rf3 Re2 39. Kg4+ Ke5
40. Rf5+ Kd6 1/2-1/2

[Event "IX Floripa Chess Open Fort Atacadista"]
[Site "Florianópolis - Santa Catari"]
[Date "2023.01.28"]
[Round "9.47"]
[White "Rosa, Gabriel Redon"]
[Black "Starke, Bruno Orlando"]
[Result "0-1"]
[WhiteElo "1883"]
[BlackElo "2100"]
[PlyCount "98"]
[EventDate "2023.01.23"]
[EventRounds "10"]
[EventCountry "BRA"]

1. e4 c5 2. Nf3 e6 3. d4 cxd4 4. Nxd4 Nc6 5. Nc3 Qc7 6. Be3 Nf6 7. Qd2 a6 8.
O-O-O b5 9. Bf4 Ne5 10. Ndxb5 axb5 11. Nxb5 Qb8 12. Qc3 Nd3+ 13. Bxd3 Qxf4+ 14.
Kb1 Qb8 15. Nc7+ Kd8 16. Nxa8 Qxa8 17. f3 Qc6 18. Qa5+ Qc7 19. Qd2 h6 20. g4
Bd6 21. Bb5 Ke7 22. Rhe1 Bc5 23. g5 hxg5 24. Qxg5 e5 25. f4 d6 26. fxe5 dxe5
27. Qxg7 Rg8 28. Qh6 Be6 29. a4 Bd4 30. c3 Rg2 31. Rd2 Bxc3 32. Rxg2 Bxe1 33.
Qe3 Bb4 34. h4 Qd6 35. Rc2 Qd1+ 36. Rc1 Qd4 37. Qxd4 exd4 38. e5 Ne4 39. Rh1
Bd5 40. Rh2 Nd2+ 41. Kc2 Nf3 42. Re2 Nxh4 43. Rh2 Nf3 44. Rh8 Nxe5 45. Re8+ Kd6
46. Rd8+ Ke6 47. Rb8 Be4+ 48. Kd1 Bd6 49. Be2 Bxb8 0-1

[Event "IX Floripa Chess Open Fort Atacadista"]
[Site "Florianópolis - Santa Catari"]
[Date "2023.01.28"]
[Round "9.48"]
[White "Ferreira, Thales Bond Dias"]
[Black "Borger, David Lupovici"]
[Result "1-0"]
[WhiteElo "2085"]
[BlackElo "1832"]
[PlyCount "75"]
[EventDate "2023.01.23"]
[EventRounds "10"]
[EventCountry "BRA"]

1. d4 d5 2. c4 e6 3. Nc3 Be7 4. Nf3 Nf6 5. cxd5 exd5 6. Bg5 c6 7. Qc2 h6 8. Bh4
O-O 9. e3 Re8 10. Bd3 Nbd7 11. O-O Ne4 12. Bxe7 Qxe7 13. Rae1 b6 14. Nd2 Nxd2
15. Qxd2 Nf6 16. Rc1 Bb7 17. Be2 c5 18. Bf3 Ne4 19. Bxe4 dxe4 20. dxc5 Rad8 21.
Qe2 Qh4 22. Rfd1 Rxd1+ 23. Rxd1 Re5 24. cxb6 axb6 25. Qd2 f6 26. Ne2 Ba6 27.
Nf4 Qg4 28. h3 Qc8 29. Qd8+ Re8 30. Qxb6 Qc2 31. Rd8 Rxd8 32. Qxd8+ Kh7 33. Qe7
f5 34. Qe5 Bc8 35. a3 g5 36. Qe7+ Kg8 37. Qe8+ Kh7 38. Qf7+ 1-0

[Event "IX Floripa Chess Open Fort Atacadista"]
[Site "Florianópolis - Santa Catari"]
[Date "2023.01.28"]
[Round "9.49"]
[White "Rodriguez, Mathias"]
[Black "Bassani, Jaison Jose"]
[Result "0-1"]
[WhiteElo "2207"]
[BlackElo "1913"]
[PlyCount "78"]
[EventDate "2023.01.23"]
[EventRounds "10"]
[EventCountry "BRA"]

1. Nf3 Nf6 2. g3 g6 3. Bg2 Bg7 4. O-O O-O 5. d3 d6 6. e4 c5 7. Re1 Nc6 8. c3 e5
9. h3 Re8 10. Be3 h6 11. Nbd2 Bd7 12. a3 Rc8 13. Rc1 b6 14. b4 cxb4 15. axb4 d5
16. exd5 Nxd5 17. Nc4 Nxe3 18. Rxe3 Qc7 19. Qe1 b5 20. Na3 Nxb4 21. Nd2 Na2 22.
Rc2 Nxc3 23. Ne4 b4 24. Nb1 Ba4 25. Nbxc3 Bxc2 26. Nd5 Qd8 27. Qxb4 Rb8 28. Qa3
Bb3 29. Nec3 a5 30. Re1 a4 31. Rb1 Bf8 32. Qa1 a3 33. Rxb3 Rxb3 34. Ne4 Bg7 35.
Nc5 e4 36. Qa2 Qxd5 37. Nxb3 Rb8 38. Nc1 Qxa2 39. Nxa2 Rb2 0-1